• 首页
  • 本馆介绍
  • 公告通知
  • 最新文献
  • 馆藏检索
  • 电子资源
  • 读者导购
  • 参考咨询
  • 我的图书馆
  • 登录
  • 详细信息显示
  • 放入我的书架
  • 预约/预借图书
  • 作者相关作品
  • 分类相关作品
  • 丛书相关作品
  • 出版社相关作品

书目信息

  • 表格格式
  • 工作单格式
  • 卡片格式
题名:
美国政党和选举
    
 
作者: 戈斯内尔 , Smolka , Gosnoll , 斯莫尔卡 著 ;复旦大学国际政治系 译
分册:  
出版信息: 上海   上海译文出版社  1980
页数: 337页
开本: 19cm
丛书名:
单 册:
中图分类: D771.224 , D771.2
科图分类:
主题词: 政治 , 政党--美国 , 选举制度--美国
电子资源:
ISBN:
000 01062nam0 2200337 45
001 0180007982
005 20060812175731.29
010    @dCNY0.91
091    @a3188.26
100    @a19950630d1980 em y0chiy0121 ea
101 1  @achi@ceng
102    @aCN@b310000
105    @ay z 000yy
200 10 @a美国政党和选举@Amei guo zheng dang he xuan ju@f(美)戈斯内尔(H.F. Gosnoll),(美)斯莫尔卡(R.G. Smolka)著@g复旦大学国际政治系译
210    @a上海@c上海译文出版社@d1980
215    @a337页@d19cm
300    @a书名原文:American parties and elections
510 1  @aAmerican parties and elections@zeng
606 0  @a政治
606    @a政党@y美国
606    @a选举制度@y美国
690    @aD771.224@v3
690    @aD771.2
701  1 @a戈斯内尔@Age si nei er@bH.F.@4著
701 A1 @aSmolka@bR.G.@4著
701 A1 @aGosnoll@bH.F.@4著
701  1 @a斯莫尔卡@Asi mo er ka@bR.G.@4著
712 02 @a复旦大学国际政治系@Afu dan da xue guo ji zheng zhi xi@4译
801  0 @aCN@b上海图书馆@c20060812
801  2 @aCN@bNLC@c20060726
905    @f1@b36083@dD771.2@e253
    
    美国政党和选举/(美)戈斯内尔(H.F. Gosnoll),(美)斯莫尔卡(R.G. Smolka)著/复旦大学国际政治系译.-上海:上海译文出版社,1980
    337页;19cm
    书名原文:American parties and elections
    
    ISBN :CNY0.91
    
●
相关链接 在E读中查询图书 在五车中查询图书 在当当中查询图书 在豆瓣中查询图书


正题名:美国政党和选举     索取号:D771.2/253         预约/预借

序号 登录号 条形码 馆藏地/架位号 状态 备注
1 0036083   001925885   密集书库/ [索取号:D771.2/253] 在馆    
2 0426224   204262243   密集书库/ [索取号:D771.2/253] 在馆    
3 0426225   204262252   密集书库/ [索取号:D771.2/253] 在馆    
4 0459045   204590451   密集书库/ [索取号:D771.2/253] 在馆    
5 0459046   204590460   密集书库/ [索取号:D771.2/253] 在馆    
唐山师范学院图书馆 欢迎您!
大连网信软件有限公司© 版权所有